000 00639nam a22002297a 4500
003 UA-OsUOA
001 46773
007 ta
008 20120511b un ||||| |||| 00| 0 ukr d
090 _a82-14
_bП36
942 _cBK
040 _aUA-OsUOA
_bukr
_cUA-OsUOA
_dUA-OsUOA
245 _aПісня про мого Сіда
300 _a161 с.
955 _a4
041 _aukr
080 _a82-14
260 _aРим
_c1972
650 7 _a82 Література. Літературознавство
_2UDC
999 _c426875
_d426875